[Event "Eurasia Open Cup 2018"]
[Site "Jekaterienburg"]
[Date "2018.08.02"]
[Round "2"]
[White "Artemiev, Vladislav"]
[Black "Kardashevskiy, Evgeny"]
[Result "1-0"]
[WhiteElo "2702"]
[BlackElo "2387"]
[Annotator "TA"]
[PlyCount "101"]
[EventDate "2018.08.01"]
[EventType "swiss"]
[EventCountry "RUS"]
[SourceTitle "playchess.com"]
[Source "ChessBase"]
[SourceQuality "1"]

{[%evp 11,101,25,35,33,37,35,33,38,42,37,37,37,30,35,34,34,33,11,36,20,16,-53,-42,-59,-42,-61,-19,-39,0,0,14,0,41,41,41,41,41,41,41,28,27,28,245,0,91,66,64,41,72,69,68,39,87,90,113,91,112,106,158,149,158,158,192,190,265,135,120,42,42,47,54,67,114,123,142,50,50,50,50,50,858,785,1356,1490,1591,1530,1358,1125,1083,995,474,0]} 1. c4 Nf6 2. Nc3 c5 3. g3 d5 4. cxd5 Nxd5 5. Bg2 Nc7 6. d3 Nc6 {LiveBook: 18 Games} 7. Be3 {A34: Symmetrical English: 2 Nc3, lines with ...d5} (7. Bxc6+ bxc6 8. Qa4 Bd7 9. Nf3 f6 10. Be3 e5 11. Qa5 Qb8 12. Bxc5 Bxc5 13. Qxc5 Ne6 14. Qa3 c5 {1-0 (22) Medvegy,Z (2543)-Deak,S (2292) Ajka 2018}) 7... e5 8. Bxc6+ bxc6 9. Nf3 {White is slightly better.} f6 $1 10. Rc1 Rb8 $146 ({Predecessor:} 10... Bh3 11. Qa4 Qd7 12. Ne4 Nb5 13. Nfd2 Rc8 14. Nb3 Nd4 15. Nexc5 {1-0 (45) Machin,E (2214)-Genzling,A (2335) France 2008}) 11. Na4 Ne6 12. O-O Qd5 13. b3 Nd4 14. Nc3 Qd8 15. Ne4 Qd5 16. Bxd4 (16. Rc4 $11) 16... cxd4 $15 17. Qc2 Bd7 18. Qc4 Ba3 19. Rc2 Qxc4 20. Rxc4 Bb4 21. Nc5 {Hoping for Na6.} (21. Nh4 {looks sharper.} O-O 22. f4 exf4 23. gxf4 Be6 24. Rxc6 Bd5 25. Rc7) 21... Bxc5 22. Rxc5 Rb5 23. Rfc1 Ke7 24. Nd2 Rhb8 25. f4 Rxc5 26. Rxc5 $11 {[%mdl 4096] Endgame KRB-KRN} Rb4 $2 (26... Rb5 $1 $11 {and Black has nothing to worry.} 27. Rc4 Ra5) 27. Rc4 $2 (27. fxe5 $18 a6 28. exf6+ Kxf6 29. Ne4+ Ke6 30. Ra5) 27... Rb5 (27... Rxc4 $11 28. bxc4 exf4) 28. a4 Rd5 29. Kf2 a5 30. fxe5 fxe5 31. Rc1 Be8 32. g4 Ke6 33. Kg3 Rd8 34. h4 h6 (34... h5 $142) 35. Nc4 $16 Ra8 36. h5 c5 {intending ...Bc6.} 37. Rf1 $1 g6 {[#]} (37... e4 $142 38. dxe4 Rb8) 38. Rf8 (38. g5 $1 $18 {[%mdl 512]} gxh5 (38... hxg5 39. h6) 39. Rf6+ (39. gxh6 Bg6 $16) 39... Ke7 40. Rxh6) 38... gxh5 39. gxh5 ({White should play} 39. Rh8 $16) 39... Bc6 $14 40. Rxa8 Bxa8 41. Nxa5 {KB-KN} Bd5 42. Nc4 e4 43. a5 (43. dxe4 $16 Bxe4 44. a5) 43... exd3 $1 44. exd3 Bb7 45. Kf4 Ba6 $2 {[%mdl 8192] [#]} (45... Bc8 $14 46. Ne5 Ba6) 46. Ne5 $1 $18 {[%cal Re5g4] White is clearly winning.} Bb5 47. Ke4 Ba6 {[#]} 48. Ng4 $1 {[%cal Rg4h6]} Bb7+ 49. Kf4 Ba6 50. Nxh6 Bxd3 51. Kg4 $2 {[%mdl 32768] Precision: White = 57%, Black = 36%. . Sensor Board Error (Ke4/e5)?} ({White has to play} 51. Ng4 $18) 1-0

[Event "Eurasia Open Cup 2018"]
[Site "Jekaterienburg"]
[Date "2018.08.02"]
[Round "2"]
[White "Artemiev, Vladislav"]
[Black "Kardashevskiy, Evgeny"]
[Result "*"]
[WhiteElo "2702"]
[BlackElo "2387"]
[Annotator "TA"]
[PlyCount "32"]
[EventDate "2018.08.01"]
[EventType "swiss"]
[EventCountry "RUS"]
[SourceTitle "playchess.com"]
[Source "ChessBase"]
[SourceQuality "1"]

{[%evp 11,17,14,40,43,36,31,54,17]} 1. c4 Nf6 2. Nc3 c5 3. g3 d5 4. cxd5 Nxd5 5. Bg2 Nc7 6. d3 Nc6 {LiveBook: 18 Games} 7. Be3 {White is slightly better. A34: Symmetrical English: 2 Nc3, lines with ...d5} e5 8. Bxc6+ bxc6 9. Nf3 {Predecessor:} f6 $146 10. Qa4 Bd7 11. Ne4 Ne6 12. Rc1 Rb8 13. Nfd2 Qc7 14. Nxc5 Nxc5 15. Bxc5 Bxc5 16. Rxc5 Rxb2 {1-0 (71) Karlsson,L (2469)-Lindberg,B (2389) Stockholm 2007} *

[Event "Eurasia Open Cup 2018"]
[Site "Jekaterienburg"]
[Date "2018.08.02"]
[Round "2"]
[White "Kryakvin, Dmitry"]
[Black "Nesterov, Arseniy"]
[Result "1-0"]
[WhiteElo "2591"]
[BlackElo "2355"]
[Annotator "ChessBase"]
[PlyCount "89"]
[EventDate "2018.08.01"]
[EventType "swiss"]
[EventCountry "RUS"]
[SourceTitle "playchess.com"]
[Source "ChessBase"]
[SourceQuality "1"]
[TimeControl "5400+30"]

1. d4 {[%emt 1:14:56]} Nf6 {[%emt 1:29:23]} 2. c4 {[%emt 0:00:22]} e6 {[%emt 0:00:21]} 3. g3 {[%emt 0:00:29]} c5 {[%emt 0:00:22]} 4. Nf3 {[%emt 0:00:22]} cxd4 {[%emt 0:00:42]} 5. Nxd4 {[%emt 0:00:22]} d5 {[%emt 0:00:24]} 6. Bg2 {[%emt 0:00:23]} e5 {[%emt 0:00:24]} 7. Nf3 {[%emt 0:00:22]} d4 {[%emt 0:00:40]} 8. O-O {[%emt 0:00:22]} Nc6 {[%emt 0:00:22]} 9. e3 {[%emt 0:00:22]} Be7 {[%emt 0:00:22]} 10. exd4 {[%emt 0:00:22]} exd4 {[%emt 0:00:22]} 11. Bf4 {[%emt 0:00:23]} O-O {[%emt 0:00:21]} 12. Ne5 {[%emt 0:00:22]} Qb6 {[%emt 0:00:23]} 13. Qb3 {[%emt 0:00:25]} Na5 {[%emt 0:00:36]} 14. Qxb6 {[%emt 0:00:23]} axb6 {[%emt 0:00:22]} 15. Nd2 {[%emt 0:00:23]} Nh5 {[%emt 0:00:22]} 16. Nb3 {[%emt 0:00:24]} Nxf4 {[%emt 0:00:22]} 17. gxf4 {[%emt 0:00:22]} Bf6 {[%emt 0:00:23]} 18. Bd5 {[%emt 0:00:36]} Bh3 {[%emt 0:00:23]} 19. Rfe1 {[%emt 0:00:26]} Nxb3 {[%emt 0:00:25]} 20. axb3 {[%emt 0:00:21]} Rxa1 {[%emt 0:00:32]} 21. Rxa1 {[%emt 0:00:22]} g5 {[%emt 0:00:29]} 22. Re1 {[%emt 0:00:23]} gxf4 {[%emt 0:02:50]} 23. Nd3 {[%emt 0:00:27]} Bf5 {[%emt 0:00:23]} 24. Be4 {[%emt 0:00:39]} Bxe4 {[%emt 0:00:21]} 25. Rxe4 {[%emt 0:00:22]} f3 {[%emt 0:00:26]} 26. Rf4 {[%emt 0:00:31]} Ra8 {[%emt 0:00:39]} 27. Rxf3 {[%emt 0:01:09]} Ra1+ {[%emt 0:00:24]} 28. Kg2 {[%emt 0:00:24]} Bg7 {[%emt 0:00:29]} 29. Kg3 {[%emt 0:00:26]} Rd1 {[%emt 0:00:23]} 30. Kf4 {[%emt 0:00:23]} Kf8 {[%emt 0:00:55]} 31. Ke4 {[%emt 0:00:23]} Rd2 {[%emt 0:00:30]} 32. Kd5 {[%emt 0:00:23]} Ke7 {[%emt 0:00:30]} 33. b4 {[%emt 0:03:57]} Rc2 {[%emt 0:00:23]} 34. Rg3 {[%emt 0:00:25]} Bf6 {[%emt 0:00:31]} 35. Rh3 {[%emt 0:00:23]} Rd2 {[%emt 0:00:24]} 36. c5 {[%emt 0:00:22]} b5 {[%emt 0:00:27]} 37. c6 {[%emt 0:00:23]} bxc6+ {[%emt 0:00:23]} 38. Kxc6 {[%emt 0:00:23]} Bh4 {[%emt 0:00:23]} 39. Rf3 {[%emt 0:01:43]} Ke6 {[%emt 0:00:59]} 40. Nc5+ {[%emt 0:00:25]} Ke5 {[%emt 0:00:30]} 41. Nd3+ {[%emt 0:00:26]} Ke6 {[%emt 0:00:26]} 42. Kc5 {[%emt 0:00:28]} f5 {[%emt 0:00:23]} 43. Kxd4 {[%emt 0:00:23]} Rc2 {[%emt 0:00:41]} 44. Re3+ {[%emt 0:00:28]} Kf6 {[%emt 0:00:30]} 45. Rh3 {[%emt 0:00:23]} 1-0

[Event "Eurasia Open Cup 2018"]
[Site "Jekaterienburg"]
[Date "2018.08.02"]
[Round "2"]
[White "Kryakvin, Dmitry"]
[Black "Nesterov, Arseniy"]
[Result "*"]
[WhiteElo "2591"]
[BlackElo "2355"]
[Annotator "TA"]
[PlyCount "41"]
[EventDate "2018.08.01"]
[EventType "swiss"]
[EventCountry "RUS"]
[SourceTitle "playchess.com"]
[Source "ChessBase"]
[SourceQuality "1"]

{[%evp 20,21,25,0]} 1. d4 Nf6 2. c4 e6 {[%cal Be7e6,Be6e5][%mdl 32]} 3. g3 c5 4. Nf3 cxd4 5. Nxd4 d5 6. Bg2 e5 7. Nf3 d4 8. O-O Nc6 9. e3 Be7 10. exd4 exd4 11. Bf4 {Vorgänger:} O-O $146 12. Ne5 Qb6 13. Re1 Be6 14. Nd2 Rad8 15. Qb3 Qa6 16. Ndf3 d3 17. Rad1 Ng4 18. Rxd3 Rxd3 19. Qxd3 Rd8 20. Qb3 Ncxe5 21. Nxe5 {½-½ (38) Bok,B (2611)-Moiseenko,A (2674) Germany 2018} *

[Event "Eurasia Open Cup 2018"]
[Site "Jekaterienburg"]
[Date "2018.08.02"]
[Round "2"]
[White "Shaposhnikov, Evgeny"]
[Black "Lisenko, Alexander V"]
[Result "1-0"]
[WhiteElo "2588"]
[BlackElo "2345"]
[Annotator "TA"]
[PlyCount "41"]
[EventDate "2018.08.01"]
[EventType "swiss"]
[EventCountry "RUS"]
[SourceTitle "playchess.com"]
[Source "ChessBase"]
[SourceQuality "1"]

{[%evp 30,41,24,-36,61,73,72,71,1018,988,948,103,948,950]} 1. d4 Nf6 2. Nf3 e6 3. e3 b6 4. Bd3 Bb7 5. O-O c5 6. c4 cxd4 7. exd4 Be7 8. Nc3 d5 9. cxd5 Nxd5 10. Ne5 O-O 11. Qg4 Nf6 12. Qh4 Ne4 13. Qh3 {E14: Queen's Indian: Classical Variation (4 e3)} Qxd4 14. Bf4 Nf6 15. Ne2 Qa4 16. b3 {LiveBook: 3 Games} (16. Rad1 $11) (16. Rfc1 Na6 17. Rc4 Qa5 18. Nd7 Rfd8 19. Nxf6+ Bxf6 20. Qxh7+ Kf8 {1-0 (28) Kovalenko,I (2650)-Horvath,A (2539) Bastia 2014}) 16... Qa5 (16... Qe8 $1 $15) 17. Rac1 $146 {aiming for Rc7.} ({Predecessor:} 17. Nd4 Rd8 18. Nxe6 Rxd3 19. Nxd3 Nc6 20. Nc7 Rd8 {½-½ (64) Bruno,F (2431)-Polak,T (2543) Livigno 2011}) 17... Na6 18. Nd7 {[#] Nxf6+ would kill now.} Rfd8 $2 {[%mdl 8192]} (18... g6 $16 19. Nxf8 Rxf8) 19. Nxf6+ $18 Bxf6 20. Qxh7+ Kf8 {And now ...Qd5 would win.} 21. Bxa6 $1 {Precision: White = 73%, Black = 41%.} 1-0

[Event "Eurasia Open Cup 2018"]
[Site "Jekaterienburg"]
[Date "2018.08.02"]
[Round "2"]
[White "Chigaev, Maksim"]
[Black "Tomilova, Elena"]
[Result "*"]
[WhiteElo "2577"]
[BlackElo "2332"]
[Annotator "TA"]
[PlyCount "25"]
[EventDate "2018.08.01"]
[EventType "swiss"]
[EventCountry "RUS"]
[SourceTitle "playchess.com"]
[Source "ChessBase"]
[SourceQuality "1"]

{[%evp 11,25,-8,0,0,0,0,0,0,0,4,22,14,16,25,19,6]} 1. e4 c6 2. d4 d5 3. Nd2 {[%cal Bb1d2,Bd2e4,Be4g5][%mdl 32]} dxe4 4. Nxe4 Nf6 5. Ng5 h6 6. N5f3 Bf5 {LiveBook: 9 Games} 7. Ne2 {B15: Caro-Kann: 3 Nc3: 3...g6 and 3...dxe4 4 Nxe4 Nf6 5 Nxf6+ exf6} (7. Bc4 Nbd7 8. Ne2 e6 9. Ng3 Bh7 10. O-O Be7 11. Bd3 Bxd3 12. Qxd3 O-O 13. Rd1 Rc8 14. Qe2 Qa5 {½-½ (34) Sukandar,I (2387)-Blohberger,F (2367) Villorba 2018}) 7... e6 8. Ng3 Bh7 9. Bd3 Bxd3 10. Qxd3 Qa5+ 11. Bd2 Bb4 $146 ({Predecessor:} 11... Qa6 12. c4 Nbd7 13. O-O b5 14. b3 bxc4 {0-1 (53) Dobrzhanskaia,I (2160)-Zakharchenko,A (2190) Kiev 2010}) 12. c3 Be7 13. O-O *

[Event "Eurasia Open Cup 2018"]
[Site "Jekaterienburg"]
[Date "2018.08.02"]
[Round "2"]
[White "Bocharov, Ivan"]
[Black "Sichinava, Zviad"]
[Result "1-0"]
[WhiteElo "2552"]
[BlackElo "2319"]
[Annotator "TA"]
[PlyCount "65"]
[EventDate "2018.08.01"]
[EventType "swiss"]
[EventCountry "RUS"]
[SourceTitle "playchess.com"]
[Source "ChessBase"]
[SourceQuality "1"]

{[%evp 16,65,37,25,63,40,31,39,45,45,50,50,52,44,48,37,50,35,101,92,96,84,71,69,85,81,164,38,264,256,315,314,364,377,375,370,356,362,642,631,575,595,691,466,922,914,926,933,943,949,994,936]} 1. e4 e6 2. d4 d5 3. Nd2 c5 4. exd5 Qxd5 5. Ngf3 cxd4 6. Bc4 Qc5 7. Qe2 {C07: French Tarrasch: 3...c5, 4 Ngf3 and 4 exd5 Qxd5} (7. O-O Nc6 8. Qe2 Nf6 9. Nb3 Qb6 10. Rd1 Be7 11. Nbxd4 Nxd4 12. Nxd4 O-O 13. c3 a6 14. Bf4 Re8 15. Be5 Nd7 16. Bg3 Nf8 17. a4 Bd7 18. a5 Qc5 19. Nf3 Bb5 20. Bxb5 axb5 {1-0 (50) Gdanski,J (2488)-Hernandez Carmenates,H (2523) Brownsville 2016}) 7... Nc6 8. Nb3 Qb6 9. O-O {[%mdl 1024] LiveBook: 6 Games. White is slightly better. White has compensation.} g6 10. a4 $146 {[%cal Ba2a4,Ba4a5][%mdl 32]} ({Predecessor:} 10. Nbxd4 Nge7 11. Nb5 Nf5 12. Bf4 Nfd4 13. Nfxd4 Nxd4 14. Nxd4 Bg7 15. Nb5 O-O 16. Bd6 Re8 17. Rad1 Bf8 18. Nc7 Bxd6 19. Nxe8 {1-0 (19) Dudas,P (2208)-Papp,L (2214) Hungary 2005}) 10... Bg7 11. a5 Qc7 12. Rd1 $1 {[%cal Rb3d4]} Nge7 13. Nfxd4 a6 14. Nxc6 Nxc6 15. Qe3 Ne5 16. Be2 O-O (16... Bd7 $14) 17. Qc5 $16 Nc6 18. Qb6 Qxb6 19. axb6 Nb4 20. c4 $36 {[%cal Bc2c4,Bc4c5,Bc5c6,Bc6c7][%mdl 2080] White is on the roll.} e5 (20... Re8 $16 {was worth a try.}) 21. Bf3 (21. Bd2 $18 Nc2 22. Rac1) 21... Be6 $2 {[#]} ({Better is} 21... Re8 $14) 22. Na5 $18 (22. Bxb7 $6 Rab8 $18) 22... Rab8 23. c5 (23. Nxb7 Nc2 $16) 23... Nc2 24. Ra4 Nd4 {[#]} 25. Raxd4 $1 {[%mdl 512]} exd4 26. Bf4 ({Weaker is} 26. Nxb7 Be5 $16) (26. Bxb7 Bg4 $16) 26... Rbd8 $2 (26... Rbe8 27. Bd6 (27. Nxb7 Bb3 $16) (27. Bxb7 d3 $18) 27... d3 28. Bxb7 (28. Bxf8 Bxf8 29. b4 Bh6 $18) 28... Bd4) 27. Nxb7 {White is clearly winning.} Rc8 28. c6 Bb3 29. Rd2 Rfe8 (29... g5 $142 30. Bxg5 Rce8) 30. h4 Re1+ 31. Kh2 Ba4 32. c7 Rc1 33. Na5 {Precision: White = 75%, Black = 39%.} 1-0

[Event "Eurasia Open Cup 2018"]
[Site "Jekaterienburg"]
[Date "2018.08.02"]
[Round "2"]
[White "Bocharov, Ivan"]
[Black "Sichinava, Zviad"]
[Result "*"]
[WhiteElo "2552"]
[BlackElo "2319"]
[Annotator "TA"]
[PlyCount "33"]
[EventDate "2018.08.01"]
[EventType "swiss"]
[EventCountry "RUS"]
[SourceTitle "playchess.com"]
[Source "ChessBase"]
[SourceQuality "1"]

{[%evp 13,15,33,47,31]} 1. e4 e6 2. d4 d5 3. Nd2 c5 4. exd5 Qxd5 5. Ngf3 cxd4 6. Bc4 Qc5 7. Qe2 {C07: French Tarrasch: 3...c5, 4 Ngf3 and 4 exd5 Qxd5} Nc6 {LiveBook: 10 Games} 8. Nb3 {Predecessor:} Qb6 $146 9. O-O Nge7 10. Rd1 Nf5 11. Bd3 Nd6 12. a4 a6 13. a5 Qa7 14. Ra4 Nb5 15. Bxb5 axb5 16. Raxd4 Nxd4 17. Nfxd4 {1-0 (55) Beliavsky,A (2565)-Nikolic,P (2570) Wijk aan Zee 1984} *

[Event "Eurasia Open Cup 2018"]
[Site "Jekaterienburg"]
[Date "2018.08.02"]
[Round "2"]
[White "Sorokin, Aleksey"]
[Black "Grachev, Alexey"]
[Result "1-0"]
[WhiteElo "2519"]
[BlackElo "2277"]
[Annotator "TA"]
[PlyCount "75"]
[EventDate "2018.08.01"]
[EventType "swiss"]
[EventCountry "RUS"]
[SourceTitle "playchess.com"]
[Source "ChessBase"]
[SourceQuality "1"]

{[%evp 30,75,30,21,33,15,28,29,33,43,20,26,20,31,45,23,281,277,515,347,343,319,612,605,672,656,612,589,1523,1521,1252,168,2366,1927,5414,5397,29982,29983,29983,29982,29982,29983,29981,29982,29990,29990,29990,29991]} 1. e4 c5 2. Nf3 d6 3. d4 cxd4 4. Nxd4 Nf6 5. Nc3 Nc6 6. Bg5 e6 7. Qd2 a6 8. O-O-O Be7 9. f4 Bd7 10. Nf3 b5 11. Bxf6 gxf6 12. Kb1 Qb6 13. g3 O-O-O 14. f5 Kb8 15. fxe6 fxe6 16. Bh3 {LiveBook: 81 Partien} Na5 {[#] B69: Sizilianisch (Richter/Rauser-Angriff)} 17. b3 $146 {[%cal Bb2b3,Bb3a4,Ba4a5][%mdl 32]} ({Vorgänger:} 17. Nd4 b4 18. Nce2 e5 19. Bxd7 {½-½ (19) Hovhannisyan,R (2601)-Demchenko,A (2672) Batumi 2018}) 17... Nb7 18. Nd4 b4 {Weiß hat minimalen Vorteil.} 19. Na4 Bxa4 $1 20. bxa4 Nc5 21. a5 $36 {[%mdl 2048] Weiss hat Initiative.} Qb7 {[#] Droht ...e5 und aus.} 22. Rhe1 f5 $2 {[%mdl 8192]} (22... e5 $11 {und Schwarz ist OK.} 23. Ne6 (23. Nf5 Na4 $11) 23... Rc8) 23. exf5 $18 Na4 $2 (23... e5 24. Bg2 Bg5) 24. Bg2 d5 25. Rxe6 ({Auf keinen Fall} 25. Nxe6 Nc3+ 26. Kc1 Qc6 $18) 25... Rc8 $2 {[#]} (25... Bd6 26. Rde1 Ka8) 26. Ka1 Rhd8 27. Qf4+ Ka8 28. Bf1 Rc4 29. Bxc4 dxc4 30. Qe5 $2 (30. Rde1) 30... b3 $2 (30... Bc5) 31. cxb3 cxb3 32. axb3 Ba3 33. Re8 {Weiß setzt Matt.} Bb2+ 34. Kb1 Nc3+ 35. Kxb2 Nxd1+ 36. Ka1 Qc8 37. Rxd8 Qxd8 38. Qe4+ {Precision: Weiß = 75%, Schwarz = 19%.} 1-0

[Event "Eurasia Open Cup 2018"]
[Site "Jekaterienburg"]
[Date "2018.08.02"]
[Round "2"]
[White "Kozionov, Kirill"]
[Black "Maletina, Tatiana"]
[Result "*"]
[WhiteElo "2461"]
[BlackElo "2231"]
[Annotator "TA"]
[PlyCount "29"]
[EventDate "2018.08.01"]
[EventType "swiss"]
[EventCountry "RUS"]
[SourceTitle "playchess.com"]
[Source "ChessBase"]
[SourceQuality "1"]

{[%evp 22,27,76,55,68,52,53,46]} 1. e4 e6 2. d4 d5 3. Nc3 Bb4 4. e5 c5 5. a3 Ba5 6. b4 cxd4 7. Qg4 Kf8 {C18: French: 3 Nc3 Bb4: Main line: 7 h4 and 7 Qg4} 8. Nb5 Bc7 9. Qxd4 (9. Qg3 Nc6 10. f4 a6 11. Nxc7 Qxc7 12. Bb2 Nge7 13. Bd3 Nf5 14. Qf2 Bd7 15. Nf3 {1-0 (29) Fedoseev,V (2724)-Mamedyarov,S (2809) Moscow 2018}) 9... Nc6 10. Qc5+ Nge7 11. Nxc7 Qxc7 12. Nf3 {[#] LiveBook: 4 Games. Strongly threatening b5.} b6 13. Qc3 $1 {Hoping for b5.} d4 14. Qc4 {[#]} {Predecessor:} Ng6 $146 15. Be2 {1-0 (33) Szczepanski,Z (2423)-Kolanek,R (2508) ICCF email 2006} *

[Event "Eurasia Open Cup 2018"]
[Site "Jekaterienburg"]
[Date "2018.08.02"]
[Round "2"]
[White "Drygalov, Andrey"]
[Black "Lysenko, Margarita"]
[Result "*"]
[WhiteElo "2450"]
[BlackElo "2215"]
[Annotator "TA"]
[PlyCount "31"]
[EventDate "2018.08.01"]
[EventType "swiss"]
[EventCountry "RUS"]
[SourceTitle "playchess.com"]
[Source "ChessBase"]
[SourceQuality "1"]

{[%evp 15,20,-3,3,0,1,-4,42]} 1. e4 c5 2. Nf3 d6 3. d4 cxd4 4. Nxd4 Nf6 5. Nc3 a6 6. Be2 e5 7. Nf3 Be7 8. Bg5 O-O {LiveBook: 5 Games. The position is equal. B92: Sicilian Najdorf: 6 Be2} (8... Nbd7 9. a4 h6 10. Be3 Ng4 11. Bc1 Ngf6 12. Nd2 Nc5 13. O-O Qc7 14. a5 Be6 15. Re1 O-O 16. Bf3 Rad8 {½-½ (80) So,W (2778)-Vachier Lagrave,M (2789) Stavanger 2018}) 9. Bxf6 Bxf6 10. Nd5 g6 {Predecessor:} 11. Qd2 $146 Bg7 12. O-O-O Re8 13. h4 h5 14. Qg5 Be6 15. Bc4 b5 16. Bb3 {1-0 (43) Mozsik,T (1909)-Szabo,I (1979) Hungary 2012} *

[Event "Eurasia Open Cup 2018"]
[Site "Jekaterienburg"]
[Date "2018.08.02"]
[Round "2"]
[White "Ivanov, Andrew"]
[Black "Sarana, Alexey"]
[Result "0-1"]
[WhiteElo "2398"]
[BlackElo "2613"]
[Annotator "TA"]
[PlyCount "108"]
[EventDate "2018.08.01"]
[EventType "swiss"]
[EventCountry "RUS"]
[SourceTitle "playchess.com"]
[Source "ChessBase"]
[SourceQuality "1"]

{[%evp 19,108,8,4,-11,6,2,3,0,14,11,19,24,14,-31,-27,-23,-12,-27,0,-13,21,0,-10,-13,0,0,0,0,0,0,0,0,0,0,0,0,0,0,0,0,9,6,14,2,2,3,4,3,33,33,33,33,43,0,0,0,0,0,0,-6,-6,-6,0,0,0,-25,0,-10,0,-16,-18,-18,-17,-133,0,0,0,0,0,-211,-202,-287,-283,-552,-553,-552,-552,-542,-530,-500,-447]} 1. d4 Nf6 2. c4 g6 3. Nf3 Bg7 4. g3 c6 5. Bg2 d5 6. b3 O-O 7. O-O a5 8. Bb2 Bf5 9. Nbd2 Nbd7 {D78: Fianchetto Grünfeld: 6 0-0 c6} 10. e3 a4 {LiveBook: 3 Games} 11. Re1 $146 ({Predecessor:} 11. Qe2 Ne4 12. Nxe4 Bxe4 13. cxd5 cxd5 14. Qb5 Ra5 15. Qxb7 Nc5 16. Qb4 Nd3 17. Qd2 {0-1 (69) So,W (2810)-Ding,L (2777) Tbilisi 2017}) 11... Qa5 {White must now prevent ...a3.The position is equal.} 12. Ba3 Rfe8 13. b4 Qd8 14. Rc1 Ne4 15. Nxe4 Bxe4 16. Bh3 dxc4 17. Nd2 Bd5 18. Nxc4 Nb6 19. Na5 Qc7 20. Qc2 f5 21. Bg2 Bf7 22. Red1 Red8 23. Qb1 Bd5 24. Bb2 Bxg2 25. Kxg2 Rd5 26. Rc5 e6 27. a3 Bf8 28. Rcc1 Qd7 29. Re1 Rb5 30. Qc2 Rd8 31. Kg1 Bg7 32. Nc4 Nxc4 33. Qxc4 Qd5 34. Qc2 Ra8 35. e4 Qd7 36. exf5 (36. d5 $5) 36... exf5 37. Re2 Rd5 38. Rce1 Bf6 39. Re6 Kf7 40. R6e2 h5 41. Qd2 Rh8 42. Qc2 Ra8 43. Qd2 Rh8 44. Qc2 h4 45. Qxa4 f4 {White should prevent ...hxg3.} 46. Qb3 (46. Re6 $1 $11 {remains equal.}) 46... hxg3 (46... Qh3 $1 $17 {And now ...hxg3 would win.} 47. Bc1 g5) 47. fxg3 $11 fxg3 48. hxg3 Qg4 {aiming for ...Kg7.} 49. Rf2 $2 {[#]} (49. Qe3 $11 {and White stays safe.}) 49... Rh3 $1 $19 {[%cal Rh3g3]} 50. Kg2 {[#]} (50. Rg2 {keeps fighting.}) 50... Qh5 $1 {( -> ...Rh2+)} 51. Qf3 $2 (51. Rxf6+ Kxf6 52. Qf3+ Qxf3+ 53. Kxf3) 51... Rh2+ {Black is clearly winning.} 52. Kg1 Qxf3 53. Rxf3 Rxb2 54. Ref1 Rf5 {Precision: White = 58%, Black = 62%.} 0-1

[Event "Eurasia Open Cup 2018"]
[Site "Jekaterienburg"]
[Date "2018.08.02"]
[Round "2"]
[White "Fotin, Vladimir"]
[Black "Timofeev, Artyom"]
[Result "1/2-1/2"]
[WhiteElo "2359"]
[BlackElo "2590"]
[Annotator "TA"]
[PlyCount "119"]
[EventDate "2018.08.01"]
[EventType "swiss"]
[EventCountry "RUS"]
[SourceTitle "playchess.com"]
[Source "ChessBase"]
[SourceQuality "1"]

{[%evp 22,119,40,41,43,37,34,39,49,11,39,36,41,28,33,0,25,30,27,23,29,22,14,-18,-16,-21,0,0,0,0,0,-125,-45,-58,-63,-41,-35,-32,-32,-54,0,0,0,-30,39,22,78,89,45,0,171,0,0,-80,-80,-80,-80,-80,-80,-80,-80,-80,-80,-172,-172,-153,-153,-153,-145,-145,-100,-100,-100,-100,-100,-100,-100,-100,-100,-100,-100,-100,-100,-119,-60,-79,-79,-79,-57,-57,-57,-57,-57,-57,-57,-59,-8,-155,-207,-207]} 1. d4 d5 2. c4 e6 3. Nc3 c6 4. Nf3 Nf6 5. e3 Nbd7 6. Qc2 Bd6 7. b3 O-O 8. Bb2 Qe7 9. Be2 dxc4 10. bxc4 e5 11. O-O Re8 12. Rfd1 {LiveBook: 14 Games. D45: Semi-Slav: 5 e3} exd4 13. exd4 Nf8 14. h3 $146 {White is slightly better.} ({Predecessor:} 14. Re1 Bg4 15. Ne5 Bxe5 16. dxe5 Qxe5 17. Nd5 Qg5 18. Nxf6+ gxf6 19. Bxg4 Qxg4 20. Bxf6 {1-0 (60) Akhmadeev,V (2429)-Nikolaev,A (2112) Nabereznye Chelny 2010}) 14... Ng6 15. Bf1 Bd7 16. a4 Rad8 17. a5 Bc8 18. a6 bxa6 19. Re1 Qd7 20. Rxe8+ Rxe8 21. c5 Bc7 22. g3 a5 23. Bg2 Ba6 24. Rd1 Ne7 25. Ne5 Qe6 $1 26. f4 (26. Qa4 $11) 26... h5 ({Black should play} 26... Nfd5 $1 $17 {[%cal Rd5e3] Hoping for ...Ne3.} 27. Qf2 Nb4) 27. Qf2 Rb8 28. Ba1 Bxe5 29. dxe5 Nfd5 30. Nxd5 Nxd5 (30... cxd5 $15 31. Qc2 Bc4) 31. f5 $11 Qh6 32. Re1 h4 (32... Bc8 $1 $11) 33. e6 Re8 (33... fxe6 $1 $11 {remains equal.} 34. fxe6 Rf8) 34. Bxd5 $16 cxd5 35. g4 {Threatens to win with f6.} Bd3 $2 {[#]} (35... fxe6 $11 36. Qd4 Qf6 $1 {[%mdl 512]}) 36. exf7+ $2 (36. e7 $1 $18) 36... Kxf7 $11 37. c6 (37. Bc3 $11 {keeps the balance.}) 37... Rxe1+ $17 38. Qxe1 Qxc6 {...Qc5+ is the strong threat.} 39. Qe5 Qc1+ 40. Kh2 Qd2+ 41. Kg1 Qd1+ 42. Kh2 {[#]} (42. Kf2 $17 Qf1+ 43. Ke3 Qe2+ 44. Kf4 Qd2+ 45. Qe3 Qxe3+ 46. Kxe3) 42... Qe2+ $1 $19 43. Qxe2 Bxe2 {[%mdl 4096] Endgame KB-KB} 44. Kg2 a4 45. Kf2 Bd3 46. Ke3 Bf1 47. Kf4 Bxh3 {And now ...Bg2 would win.} 48. Kg5 a3 49. Kxh4 Bf1 50. g5 g6 51. Kg4 Bd3 52. fxg6+ Bxg6 (52... Kxg6 $17 53. Bc3 a2) 53. Kf4 Ke6 54. Ke3 Kd6 55. Kd4 Bf7 56. Kc3 a2 57. Kc2 $1 Kc5 58. Bf6 d4 {[#]} ({Black should try} 58... Bg6+ $15 59. Kb3 a6) 59. Bxd4+ $1 $11 {[%mdl 512]} Kxd4 60. Kb2 {Precision: White = 69%, Black = 50%.} 1/2-1/2